000 00851nam a2200241 i 4500
001 87001
003 ES-MaACL
005 20230906175553.0
007 t|
008 041217s1976 sp ||||1| spa d
100 1 _aKlopfer, Peter H.
_968291
245 1 0 _aIntroducción al comportamiento animal
_b: un siglo de Etología /
_cpor Peter H. Klopfer ; [traducción de Juan José Utrilla].
250 _a[1ª ed.].
260 _aMadrid, etc. :
_bFondo de Cultura Económica,
_c[1976]
300 _a506 p. ;
_c17 cm.
490 1 _aBreviarios del Fondo de Cultura Económica ;
_v256
700 1 _aUtrilla, Juan José.
_9112336
830 0 _aBreviarios del Fondo de Cultura Económica ;
_v256
_9179682
852 _aES-MaACL
_jA-6231
_bR.95117
852 _aES-MaACL
_jA-6642
_bR.95265
852 _aES-MaACL
_jL-8388
_bR.109010
999 _c87001
_d87001